Začína sa veľká obnova nemocnice

Bibliographic Details
Format: Article
Language:Slovak
PhysicalDescription:Fotogr.
Subjects:

MARC

LEADER 00000nab a2200000 a 4500
001 vtls010185986
003 SK-MaSNL
005 20260304225117.0
008 101104c2010 xo wr 0 0slo
038 |a SLLK 
040 |a SLLK  |b slo  |c sllk  |e AACR2 
041 |a slo 
044 |a xo  |c SK 
080 |a 614.2  |2 2001 
080 |a 725.511  |2 2001 
245 0 0 |a Začína sa veľká obnova nemocnice  |c Text a foto (dj) 
300 |b Fotogr. 
610 2 7 |a Ľubovnianska nemocnica (Stará Ľubovňa, Slovensko)  |2 sllk  |9 263607 
648 7 |a 2010  |2 snkbucl  |9 324355 
650 0 7 |a nemocnice  |x rekonštrukcie  |z Stará Ľubovňa (Slovensko)  |2 sllk  |9 1560959 
650 0 7 |a Európsky fond regionálneho rozvoja  |x projekty  |2 sllk  |9 1192197 
651 7 |a Stará Ľubovňa (Slovensko)  |2 sllk  |9 19193 
773 0 |t Ľubovnianske noviny  |g Roč. XXXVI, č. 42 (2010), s. 3 
999 |c 3175705  |d 3177635